[Event "Hannover Region-ch"]
[Site "Hannover"]
[Date "2008.01.12"]
[Round "1"]
[White "Zuelke, Dieter"]
[Black "Sherman, Radyslav"]
[Result "0-1"]
[WhiteElo "1378"]
[BlackElo "1747"]
[PlyCount "102"]
[EventDate "2008.01.12"]
[EventType "swiss"]
[EventRounds "7"]
[EventCountry "GER"]
[SourceTitle "EXT 2021"]
[Source "ChessBase"]
[SourceDate "2020.10.23"]
[SourceVersion "1"]
[SourceVersionDate "2020.10.23"]
[SourceQuality "1"]

1. e4 c5 2. Nf3 Nc6 3. d4 cxd4 4. Nxd4 Nf6 5. Nxc6 bxc6 6. Bd3 e5 7. 0-0 Be7 8. Be3 0-0 9. c4 d6 10. Nc3 Ng4 11. Bd2 Be6 12. Be1 Qb6 13. b3 Rad8 14. Rc1 Nf6 15. Qc2 Nh5 16. Bd2 Nf4 17. Na4 Qc7 18. Bxf4 exf4 19. f3 h6 20. Kh1 Bf6 21. Qe2 Bd4 22. c5 Be3 23. Rc2 d5 24. exd5 Bxd5 25. Nc3 Bxc5 26. Nxd5 Rxd5 27. Qe4 g6 28. Bc4 Rf5 29. Rd1 Rd8 30. Rcd2 Rxd2 31. Rxd2 Kg7 32. h3 Re5 33. Qb1 Qe7 34. Rd1 Bd4 35. Kh2 c5 36. b4 Qg5 37. a4 Qg3+ 38. Kh1 Rh5 39. Rd2 Re5 40. Rd1 Qf2 41. b5 Rg5 42. Qa2 Rxg2 43. Qxf2 Rxf2 44. Bd5 Rb2 45. a5 Rxb5 46. a6 Ra5 47. Bb7 Ra1 48. Rxa1 Bxa1 49. Kg1 Kf6 50. Kf1 Ke5 51. Ke2 Kd4 0-1

[Event "Hannover Region-ch"]
[Site "Hannover"]
[Date "2007.01.27"]
[Round "2"]
[White "Zuelke, Dieter"]
[Black "Efremov, Igor"]
[Result "0-1"]
[WhiteElo "1404"]
[BlackElo "1609"]
[PlyCount "52"]
[EventDate "2007.01.13"]
[EventType "swiss"]
[EventRounds "7"]
[EventCountry "GER"]
[SourceTitle "EXT 2021"]
[Source "ChessBase"]
[SourceDate "2020.10.23"]
[SourceVersion "1"]
[SourceVersionDate "2020.10.23"]
[SourceQuality "1"]

1. d4 Nf6 2. Nc3 g6 3. f3 d5 4. Be3 e6 5. a3 Nbd7 6. g4 c5 7. h4 Qb6 8. Rb1 Bd6 9. Bf2 cxd4 10. Bxd4 Bg3+ 11. Kd2 Qxd4+ 12. Kc1 Bf4+ 13. e3 Bxe3+ 14. Qd2 Bxd2+ 15. Kd1 Bxc3+ 16. Bd3 Bxb2 17. Ne2 Qb6 18. c3 Qb3+ 19. Bc2 Qxa3 20. Nd4 Qxc3 21. Ne2 Qxf3 22. Rg1 Be5 23. Kd2 Ne4+ 24. Kc1 Qxe2 25. Rd1 Qe3+ 26. Rd2 Qxd2# 0-1

[Event "Hannover Region-ch"]
[Site "Hannover"]
[Date "2006.02.11"]
[Round "3"]
[White "Zuelke, Dieter"]
[Black "Schubert, Wolfgang"]
[Result "0-1"]
[WhiteElo "1390"]
[BlackElo "1810"]
[PlyCount "66"]
[EventDate "2006.01.14"]
[EventType "swiss"]
[EventRounds "7"]
[EventCountry "GER"]
[SourceTitle "EXT 2021"]
[Source "ChessBase"]
[SourceDate "2020.10.23"]
[SourceVersion "1"]
[SourceVersionDate "2020.10.23"]
[SourceQuality "1"]

1. e4 c5 2. Nf3 d6 3. Be2 Qc7 4. c4 Nf6 5. Nc3 e6 6. 0-0 a6 7. a4 Nc6 8. b3 Be7 9. Bb2 0-0 10. h3 b6 11. d4 cxd4 12. Nxd4 Bb7 13. Nxc6 Bxc6 14. f3 Rfd8 15. Rc1 Rac8 16. b4 Bb7 17. b5 a5 18. Qb3 Nh5 19. Rfe1 Bh4 20. Red1 Qc5+ 21. Kh1 Qe3 22. Rd3 Qg5 23. Bf1 Nf4 24. Rdd1 Bf2 25. Rc2 Nxh3 26. Bc1 Qg6 27. Bd3 Qh5 28. g4 Qh4 29. Kg2 Qg3+ 30. Kf1 Qxf3 31. Qb2 Bg3+ 32. Rf2 Bxf2 33. Be2 Qh1# 0-1

[Event "Hannover Region-ch op"]
[Site "Hannover"]
[Date "2003.01.25"]
[Round "1"]
[White "Zuelke, Dieter"]
[Black "Hoffmann, Lukas"]
[Result "0-1"]
[WhiteElo "1261"]
[BlackElo "1782"]
[PlyCount "110"]
[EventDate "2003.01.25"]
[EventType "swiss"]
[EventRounds "7"]
[EventCountry "GER"]
[SourceTitle "EXT 2022"]
[Source "ChessBase"]
[SourceDate "2021.10.06"]
[SourceVersion "1"]
[SourceVersionDate "2021.10.06"]
[SourceQuality "1"]

1. e4 c5 2. Nf3 Nc6 3. c3 d5 4. Qc2 dxe4 5. Qxe4 Nf6 6. Qc2 g6 7. Be2 Bf5 8. Qd1 Bh6 9. 0-0 0-0 10. Nh4 Bd3 11. Nf3 a6 12. a4 Qd7 13. b3 Rfd8 14. Bb2 Ne4 15. Bc1 Bxb1 16. Rxb1 Nxd2 17. Bxd2 Bxd2 18. Qc2 Bh6 19. Rbd1 Qc7 20. g3 Bg7 21. Bc4 e6 22. Rfe1 Na5 23. Be2 Qe7 24. c4 Nc6 25. Kg2 Bd4 26. Qc1 Qf6 27. Rf1 Rd7 28. h4 h5 29. Ng5 Rad8 30. Ne4 Qe5 31. Bf3 Qg7 32. Rfe1 Ne5 33. Be2 Ng4 34. f3 Ne3+ 35. Kh3 Nxd1 36. Rxd1 b6 37. Rd3 Bb2 38. Qc2 Rxd3 39. Bxd3 Qd4 40. Be2 f5 41. Ng5 Qd2 42. Qxd2 Rxd2 43. Nxe6 Rxe2 44. Nf4 Re3 45. Kg2 Kg7 46. Nd5 Rxb3 47. Kf2 Bd4+ 48. Ke2 Rb4 49. Nxb4 cxb4 50. Kd2 b3 51. Kc1 b2+ 52. Kc2 Bc3 53. a5 bxa5 54. c5 Kf6 55. c6 Ke6 0-1